| 000 | 01131cam a2200337 a 4500 | ||
|---|---|---|---|
| 001 | 15982777 | ||
| 003 | OSt | ||
| 005 | 20160611084924.0 | ||
| 008 | 091113s2010 caua b 001 0 eng | ||
| 010 | _a 2009047379 | ||
| 015 |
_aGBB046672 _2bnb |
||
| 016 | 7 |
_a015522845 _2Uk |
|
| 020 | _a9781416605546 | ||
| 035 | _a(OCoLC)ocn460052626 | ||
| 040 |
_aDLC _cDLC _dBTCTA _dYDXCP _dC#P _dBWX _dUKM _dCDX _dDLC |
||
| 050 | 0 | 0 |
_aLB 1031 _b.St917 2007 |
| 082 |
_aGLT 371.394 _bSt8 2007 |
||
| 100 | 1 |
_aO'Meara, Jodi. _922744 |
|
| 245 | 1 | 0 |
_aDifferentiated instruction / _cJodi O'Meara. |
| 260 |
_aThousand Oaks, Calif. : _bCorwin, _c2007. |
||
| 300 |
_a377 p. : _bill. ; _c26 cm. |
||
| 504 | _aIncludes bibliographical references and index. | ||
| 650 | 0 |
_aIndividualized instruction. _9206 |
|
| 650 | 0 |
_aCognitive styles in children. _9207 |
|
| 650 | 0 |
_aMixed ability grouping in education. _9208 |
|
| 650 | 0 |
_aElementary school teaching. _9296 |
|
| 906 |
_a7 _bcbc _corignew _d1 _eecip _f20 _gy-gencatlg |
||
| 942 |
_2lcc _cBK |
||
| 999 |
_c12638 _d12638 |
||